[Event "M.Chigorin Memorial 2017 "]
[Site "?????-?????????"]
[Date "2017.10.22"]
[Round "2"]
[Board "19"]
[White "Ivlev, Aleksey"]
[Black "Levin, Evgeny A."]
[Result "0-1"]
[WhiteElo "2296"]
[BlackElo "2545"]
[PlyCount "146"]
[EventDate "2017.10.21"]
[EventRounds "9"]
[EventCountry "RUS"]

1. d4 Nf6 2. Nf3 e6 3. c4 b6 4. g3 Ba6 5. b3 Bb4+ 6. Bd2 Be7 7. Bg2 d5 8. cxd5
exd5 9. Nc3 Bb7 10. O-O O-O 11. Bf4 Nbd7 12. Rc1 c6 13. Ne5 Re8 14. Bh3 Nxe5
15. dxe5 Nh5 16. e3 g6 17. Bh6 Ba3 18. f4 Bxc1 19. Qxc1 f6 20. exf6 Qxf6 21.
Qd2 Bc8 22. Bg2 Bf5 23. b4 b5 24. Rc1 Qe7 25. Nd1 Bd7 26. Bg5 Qg7 27. g4 Nf6
28. Nf2 Rf8 29. h3 Rae8 30. Qd4 h6 31. Bh4 Ne4 32. Qxg7+ Kxg7 33. Bxe4 dxe4 34.
Rd1 Be6 35. Rd2 Bd5 36. Nd1 a5 37. bxa5 b4 38. Rd4 Rf7 39. Be1 Bxa2 40. Bxb4
Rb7 41. Nc3 Bd5 42. Bc5 Rb2 43. a6 Rc2 44. Rb4 Kf7 45. Rb7+ Ke6 46. a7 Rc1+ 47.
Kf2 Ra1 48. Ne2 Bc4 49. Nd4+ Kf6 50. Nxc6 Ra2+ 51. Kg3 Bf1 52. Bd4+ Ke6 53. Bb2
Kd6 54. Nb8 Rc8 55. Be5+ Kd5 56. Rb1 Rxa7 57. Rxf1 Ra3 58. Nd7 Rxe3+ 59. Kh4
Ke6 60. Nb6 Rc2 61. Bd4 Rd3 62. f5+ gxf5 63. gxf5+ Kf7 64. Bg1 e3 65. Ra1 e2
66. Bf2 Rd1 67. Ra7+ Kf6 68. Nd7+ Kxf5 69. Ra5+ Ke4 70. Re5+ Kf3 71. Rf5+ Kg2
72. Nf6 Rc4+ 73. Ng4 Rh1  0-1

[Event "M.Chigorin Memorial 2017 "]
[Site "?????-?????????"]
[Date "2017.10.22"]
[Round "2"]
[Board "20"]
[White "Yeritsyan, Aram"]
[Black "Moiseenko, Vadim"]
[Result "0-1"]
[WhiteElo "2293"]
[BlackElo "2543"]
[PlyCount "108"]
[EventDate "2017.10.21"]
[EventRounds "9"]
[EventCountry "RUS"]

1. e4 e5 2. Bc4 Nf6 3. d3 c6 4. Nf3 d5 5. Bb3 a5 6. a3 a4 7. Ba2 Bd6 8. Nc3 Be6
9. exd5 cxd5 10. Bg5 Ra5 11. O-O h6 12. Bh4 O-O 13. Re1 Nbd7 14. Bg3 Qc7 15. h3
Re8 16. Ne2 Nf8 17. d4 e4 18. Bxd6 Qxd6 19. Ne5 N8d7 20. Qd2 Raa8 21. Nxd7 Bxd7
22. c4 dxc4 23. Bxc4 b5 24. Ba2 Rab8 25. b4 axb3 26. Bxb3 Bc6 27. d5 Bd7 28.
Qb4 Qe5 29. Nc3 Bf5 30. Re3 Bg6 31. Rae1 Qc7 32. Nxb5 Qd7 33. a4 Nxd5 34. Bxd5
Qxd5 35. f3 f5 36. fxe4 Rxe4 37. Rxe4 fxe4 38. Qd6 Qxd6 39. Nxd6 Rb4 40. a5 Ra4
41. Kf2 Kf8 42. a6 h5 43. h4 Rxa6 44. Nxe4 Ra4 45. Kf3 Be8 46. g3 Bc6 47. Kf4
Kf7 48. Re3 Ke6 49. Re1 Rd4 50. Re2 g6 51. Re1 Kd5 52. Re3 Bd7 53. g4 Bxg4 54.
Re1 Bf5  0-1

[Event "M.Chigorin Memorial 2017 "]
[Site "?????-?????????"]
[Date "2017.10.22"]
[Round "2"]
[Board "21"]
[White "Evdokimov, Alexey"]
[Black "Geller, Jakov"]
[Result "0-1"]
[WhiteElo "2280"]
[BlackElo "2526"]
[PlyCount "146"]
[EventDate "2017.10.21"]
[EventRounds "9"]
[EventCountry "RUS"]

1. e4 c5 2. Nf3 e6 3. g3 Nc6 4. Bg2 Nf6 5. Qe2 d5 6. exd5 Nxd5 7. O-O Be7 8.
Rd1 O-O 9. Nc3 Ndb4 10. d3 Nd4 11. Nxd4 cxd4 12. Nb1 Qc7 13. Na3 Bd7 14. Nc4
Bc6 15. Bf4 Qc8 16. Bxc6 Nxc6 17. Rac1 f6 18. Bd6 Bxd6 19. Nxd6 Qd7 20. Ne4 e5
21. c4 dxc3 22. bxc3 Rac8 23. Qb2 b6 24. d4 Qg4 25. Nd6 Rc7 26. d5 Na5 27. Nb5
Rd7 28. Qb4 h5 29. d6 Rc8 30. Nc7 Nb7 31. Nd5 Qxb4 32. cxb4 Rxc1 33. Rxc1 Nxd6
34. Ne3 Nb5 35. a4 Nd4 36. Kg2 Kf7 37. Rc8 e4 38. Rc1 f5 39. h4 g6 40. Rc8 Nf3
41. a5 Ne1+ 42. Kf1 Nd3 43. axb6 axb6 44. b5 Ra7 45. Rc6 Ra1+ 46. Ke2 Ra2+ 47.
Rc2 Rxc2+ 48. Nxc2 Ke6 49. Ke3 Kd5 50. f3 Nc5 51. Nd4 exf3 52. Nxf3 Ne6 53. Kd3
Kc5 54. Ne5 Nf8 55. Kc3 Kxb5 56. Kd4 Ka4 57. Kd5 b5 58. Kd6 b4 59. Ke7 b3 60.
Nd3 Nh7 61. Kf7 g5 62. hxg5 Nxg5+ 63. Kg6 Ne4 64. Kxf5 Nxg3+ 65. Kg5 Ka3 66.
Kh4 Ne2 67. Ne5 Kb4 68. Nd3+ Kc4 69. Nb2+ Kc3 70. Na4+ Kc2 71. Nb6 Nf4 72. Nc4
Kc3 73. Ne3 Ng2+  0-1

[Event "M.Chigorin Memorial 2017 "]
[Site "?????-?????????"]
[Date "2017.10.22"]
[Round "2"]
[Board "22"]
[White "Obgolts, Erik"]
[Black "Iljiushenok, Ilia"]
[Result "0-1"]
[WhiteElo "2271"]
[BlackElo "2519"]
[PlyCount "86"]
[EventDate "2017.10.21"]
[EventRounds "9"]
[EventCountry "RUS"]

1. d4 Nf6 2. Nf3 g6 3. g3 Bg7 4. Bg2 O-O 5. O-O d6 6. c4 Nc6 7. Nc3 a6 8. Bf4
Rb8 9. Rc1 h6 10. Qd3 Re8 11. e4 Bg4 12. d5 e5 13. Be3 Bxf3 14. Bxf3 Nd4 15.
Bg2 c5 16. dxc6 bxc6 17. b3 Nd7 18. Na4 a5 19. Rfd1 Rb4 20. c5 Rxa4 21. bxa4
Nxc5 22. Qc4 g5 23. Bxd4 exd4 24. e5 Rxe5 25. Rxd4 Ne6 26. Rdd1 Rc5 27. Qxc5
Nxc5 28. Rxc5 h5 29. Rxc6 Be5 30. Bd5 Kg7 31. Rdc1 Kg6 32. Rc7 f5 33. Rb7 g4
34. Rcc7 Qg5 35. Bf7+ Kf6 36. Be8 Qd2 37. Rb1 h4 38. Bc6 Qc2 39. Rf1 h3 40. Rc8
Bd4 41. Bb7 Qxa2 42. Rf8+ Kg6 43. Bc8 Qd5  0-1

[Event "M.Chigorin Memorial 2017 "]
[Site "?????-?????????"]
[Date "2017.10.22"]
[Round "2"]
[Board "23"]
[White "Burmakin, Vladimir"]
[Black "Salman, Pavel"]
[Result "1-0"]
[WhiteElo "2515"]
[BlackElo "2260"]
[PlyCount "89"]
[EventDate "2017.10.21"]
[EventRounds "9"]
[EventCountry "RUS"]

1. d4 Nf6 2. Nf3 e6 3. g3 c5 4. Bg2 cxd4 5. O-O Be7 6. Nxd4 a6 7. c4 O-O 8. b3
Qc7 9. Bb2 d6 10. Nc3 Nbd7 11. Rc1 Ne5 12. Qd2 Ng6 13. Rfd1 Rd8 14. Ne4 Ne8 15.
h4 h6 16. Ba3 Bd7 17. c5 d5 18. Nd6 Bxd6 19. cxd6 Qb8 20. e4 Nxd6 21. exd5 e5
22. Nc6 bxc6 23. dxc6 Nb5 24. cxd7 Ra7 25. Bc5 Raxd7 26. Qxd7 Rxd7 27. Rxd7 Qc8
28. Rdd1 Qg4 29. Rd8+ Kh7 30. Rc4 Qe6 31. h5 Ne7 32. Be4+ g6 33. a4 Nd4 34.
hxg6+ Nxg6 35. Rd6 Ne2+ 36. Kf1 Nxg3+ 37. Kg2 Nxe4 38. Rxe6 Nf4+ 39. Kg1 Nxe6
40. Rxe4 Nxc5 41. Rb4 Kg6 42. Rb6+ Kf5 43. a5 Ke4 44. b4 Nd3 45. b5  1-0

[Event "M.Chigorin Memorial 2017 "]
[Site "?????-?????????"]
[Date "2017.10.22"]
[Round "2"]
[Board "24"]
[White "Rjabzev, Konstantin"]
[Black "Triapishko, Alexandr"]
[Result "0-1"]
[WhiteElo "2270"]
[BlackElo "2508"]
[PlyCount "78"]
[EventDate "2017.10.21"]
[EventRounds "9"]
[EventCountry "RUS"]

1. e4 c6 2. d4 d5 3. exd5 cxd5 4. Bd3 Nc6 5. c3 g6 6. Nf3 Bg7 7. Bf4 Nh6 8. Qd2
Nf5 9. O-O O-O 10. Re1 f6 11. h3 Re8 12. Na3 e5 13. dxe5 fxe5 14. Bg5 Qa5 15.
Bb5 a6 16. Bxc6 bxc6 17. Bf4 e4 18. Nc2 Qb6 19. Nfd4 Nxd4 20. cxd4 a5 21. Bd6
Qd8 22. Bc5 Rb8 23. b4 a4 24. Ne3 Qg5 25. Nc4 Qxd2 26. Nxd2 Ba6 27. Nf1 a3 28.
Re3 Bd3 29. Rd1 Bh6 30. Rdxd3 exd3 31. Rxd3 Bf8 32. Ne3 Bxc5 33. bxc5 Rb1+ 34.
Kh2 Ra8 35. Nd1 Rc1 36. g4 Rc2 37. Nc3 Rf8 38. Kg3 Rfxf2 39. Nd1 Rfd2  0-1

[Event "M.Chigorin Memorial 2017 "]
[Site "?????-?????????"]
[Date "2017.10.22"]
[Round "2"]
[Board "25"]
[White "Mikaelyan, Arman"]
[Black "Chukavin, Kirill"]
[Result "1-0"]
[WhiteElo "2503"]
[BlackElo "2256"]
[PlyCount "107"]
[EventDate "2017.10.21"]
[EventRounds "9"]
[EventCountry "RUS"]

1. d4 Nf6 2. c4 e6 3. Nf3 d5 4. Nc3 c6 5. e3 Nbd7 6. Qc2 Bd6 7. b3 O-O 8. Be2
b6 9. Bb2 Bb7 10. O-O Qe7 11. Rad1 Rfe8 12. Rfe1 Rad8 13. e4 Nxe4 14. Nxe4 dxe4
15. Qxe4 Bb4 16. Rf1 Bd6 17. Bd3 f5 18. Qe2 c5 19. d5 exd5 20. Qxe7 Bxe7 21.
cxd5 Bf6 22. Bxf6 Nxf6 23. Bb5 Re4 24. Ng5 Rd4 25. Rxd4 cxd4 26. Ne6 Rd6 27.
Nxd4 g6 28. Bc6 Ba6 29. Nb5 Bxb5 30. Bxb5 Kf7 31. Bc4 Ne4 32. Rc1 Kf6 33. f3
Nd2 34. Kf2 Nxc4 35. bxc4 Ke5 36. Ke3 g5 37. g3 Rh6 38. Rc2 f4+ 39. Kd3 Rh3 40.
Re2+ Kd6 41. Re6+ Kd7 42. Ke4 Rxh2 43. gxf4 gxf4 44. Kxf4 Rxa2 45. Rh6 Ra4 46.
Ke5 Rxc4 47. Rxh7+ Ke8 48. Rxa7 b5 49. f4 b4 50. Ra4 Kd7 51. f5 Rh4 52. Ra7+
Ke8 53. Rb7 Kd8 54. f6  1-0

[Event "M.Chigorin Memorial 2017 "]
[Site "?????-?????????"]
[Date "2017.10.22"]
[Round "2"]
[Board "26"]
[White "Dimitrova, Aleksandra"]
[Black "Praggnanandhaa, R"]
[Result "1-0"]
[WhiteElo "2262"]
[BlackElo "2503"]
[PlyCount "73"]
[EventDate "2017.10.21"]
[EventRounds "9"]
[EventCountry "RUS"]

1. e4 c5 2. Nf3 e6 3. d4 cxd4 4. Nxd4 a6 5. Bd3 Bc5 6. Nb3 Be7 7. Qg4 g6 8. Qg3
d6 9. O-O Nc6 10. c4 Nf6 11. Nc3 Ne5 12. Bc2 Qc7 13. Nd2 b6 14. f4 Ned7 15. b4
Bb7 16. Bb2 h5 17. h3 h4 18. Qe3 Rg8 19. Nf3 Nh5 20. Bd3 Bf6 21. Rac1 Qd8 22.
e5 Bxf3 23. exf6 Bb7 24. Be4 Rb8 25. Bxb7 Rxb7 26. Ne4 Ndxf6 27. Nxf6+ Nxf6 28.
f5 e5 29. Qa3 gxf5 30. Rxf5 Rg6 31. Rcf1 Qe7 32. Qxa6 Rb8 33. Qb5+ Kf8 34. c5
Qd7 35. Qxd7 Nxd7 36. Rxf7+ Ke8 37. c6  1-0

[Event "M.Chigorin Memorial 2017 "]
[Site "?????-?????????"]
[Date "2017.10.22"]
[Round "2"]
[Board "27"]
[White "Golubov, Saveliy"]
[Black "Shuvalov, Evgenij"]
[Result "1-0"]
[WhiteElo "2501"]
[BlackElo "2247"]
[PlyCount "77"]
[EventDate "2017.10.21"]
[EventRounds "9"]
[EventCountry "RUS"]

1. d4 d5 2. c4 c6 3. cxd5 cxd5 4. Bg5 h6 5. Bh4 Qb6 6. Nc3 Qxb2 7. Qc1 Qxc1+ 8.
Rxc1 e6 9. Nxd5 Na6 10. Nc3 Ba3 11. Rb1 Bb4 12. Kd2 Bd7 13. a3 Ba5 14. e4 Rc8
15. Nge2 e5 16. dxe5 Nc5 17. Ke3 g5 18. Bg3 Ne7 19. h4 Rg8 20. hxg5 hxg5 21.
Nd5 Nxd5+ 22. exd5 Bf5 23. Rb5 Bb6 24. Rxb6 axb6 25. Nd4 Bd7 26. Nb5 Ke7 27.
Rh6 Na4 28. Nc7 Kd8 29. e6 fxe6 30. dxe6 Bc6 31. Rh7 Rxc7 32. Bxc7+ Kc8 33. Bd6
Bd5 34. Rc7+ Kd8 35. e7+ Ke8 36. Rc8+ Kd7 37. Rxg8 Bxg8 38. Bb5+ Kxd6 39. e8=Q
 1-0

[Event "M.Chigorin Memorial 2017 "]
[Site "?????-?????????"]
[Date "2017.10.22"]
[Round "2"]
[Board "28"]
[White "Maltsevskaya, Aleksandra"]
[Black "Soffer, Ram"]
[Result "1-0"]
[WhiteElo "2260"]
[BlackElo "2500"]
[PlyCount "135"]
[EventDate "2017.10.21"]
[EventRounds "9"]
[EventCountry "RUS"]

1. e4 c6 2. Nc3 d5 3. Nf3 Nf6 4. e5 Ne4 5. Ne2 Qb6 6. d4 e6 7. Ng3 c5 8. Bd3
Nxg3 9. hxg3 cxd4 10. Nxd4 Bc5 11. c3 Nc6 12. Nxc6 Bxf2+ 13. Kf1 bxc6 14. Qg4
Bb7 15. Ke2 Bc5 16. Qxg7 O-O-O 17. b4 Bg1 18. Qf6 Ba6 19. Bd2 Bxd3+ 20. Kxd3 d4
21. c4 Be3 22. Be1 Qb7 23. Rf1 Rhf8 24. a4 h6 25. b5 c5 26. Ra2 Bg5 27. Qf3 f5
28. exf6 Qh7+ 29. Ke2 d3+ 30. Kd1 Qb7 31. Qxb7+ Kxb7 32. a5 e5 33. a6+ Kc8 34.
Ba5 Rd4 35. Bd2 Rxc4 36. Bxg5 hxg5 37. Raf2 Rb4 38. Kd2 e4 39. Ke3 Kd7 40. Rf5
c4 41. Kxe4 Ke6 42. Re5+ Kd6 43. Rxg5 d2 44. Kd4 Ke6 45. Kc3 Rxf6 46. Rd1 Ra4
47. Rxd2 Rf1 48. Re2+ Kf6 49. Rc5 Rb1 50. Rf2+ Kg6 51. Rff5 Rb3+ 52. Kd4 Rxg3
53. Rfe5 Rd3+ 54. Ke4 Rd7 55. Rc6+ Kg7 56. Rg5+ Kf7 57. Ke5 Re7+ 58. Kf5 Rb4
59. Rf6+ Ke8 60. Rg8+ Kd7 61. Rb8 c3 62. Rb7+ Ke8 63. Rc6 Rxb7 64. axb7 Rxb5+
65. Ke6 Kf8 66. Rc8+ Kg7 67. b8=Q Rxb8 68. Rxb8  1-0

[Event "M.Chigorin Memorial 2017 "]
[Site "?????-?????????"]
[Date "2017.10.22"]
[Round "2"]
[Board "29"]
[White "Vakhidov, Jakhongir"]
[Black "Chernyak, Viktoria"]
[Result "1-0"]
[WhiteElo "2498"]
[BlackElo "2236"]
[PlyCount "57"]
[EventDate "2017.10.21"]
[EventRounds "9"]
[EventCountry "RUS"]

1. c4 e5 2. g3 Nf6 3. Bg2 d5 4. cxd5 Nxd5 5. Nf3 Nc6 6. O-O Nb6 7. b3 Be7 8.
Bb2 f6 9. d4 exd4 10. Nxd4 Nxd4 11. Bxd4 O-O 12. Nc3 c6 13. a4 Be6 14. a5 Nd5
15. Na4 Bf7 16. Nc5 Qc8 17. Qc1 Re8 18. Qb2 Bd6 19. Rfc1 Bxc5 20. Bxc5 Qe6 21.
e3 Nc7 22. b4 Nb5 23. a6 b6 24. Bxb6 axb6 25. Rxc6 Qe7 26. Rxb6 Nc7 27. Rb7 Qd6
28. b5 Rab8 29. Rxb8  1-0

[Event "M.Chigorin Memorial 2017 "]
[Site "?????-?????????"]
[Date "2017.10.22"]
[Round "2"]
[Board "30"]
[White "Tugarin, Anton"]
[Black "Abdusattorov, Nodirbek"]
[Result "0-1"]
[WhiteElo "2251"]
[BlackElo "2498"]
[PlyCount "118"]
[EventDate "2017.10.21"]
[EventRounds "9"]
[EventCountry "RUS"]

1. Nf3 Nf6 2. c4 e6 3. g3 d5 4. d4 Bb4+ 5. Bd2 Bd6 6. Nc3 c6 7. Qc2 Nbd7 8. e4
dxe4 9. Nxe4 Nxe4 10. Qxe4 Nf6 11. Qc2 O-O 12. Bg2 b6 13. O-O Bb7 14. c5 Be7
15. Rad1 Nd5 16. Rfe1 a5 17. a3 Qc7 18. Ng5 Bxg5 19. Bxg5 Ba6 20. h4 a4 21. Rc1
Bb5 22. cxb6 Qxb6 23. Qc5 Qa6 24. Bxd5 cxd5 25. Bd2 Bc4 26. Bb4 Rfc8 27. Qd6
Qxd6 28. Bxd6 h5 29. Re3 Bb3 30. Rxc8+ Rxc8 31. Rc3 Bc4 32. Re3 Kh7 33. Kg2 Kg6
34. Bb4 Re8 35. Bc3 f6 36. Kh2 Bb3 37. Kg2 Bc2 38. Kh2 Kf7 39. Kg1 Be4 40. f3
Bc2 41. Kf2 Kg6 42. f4 Kf5 43. Kf3 Rc8 44. Kf2 Be4 45. Re1 Rc4 46. Rd1 Kg4 47.
Rd2 Rc7 48. Rd1 g5 49. hxg5 fxg5 50. fxg5 Rf7+ 51. Kg1 Kxg3 52. Rf1 Rg7 53.
Be1+ Kh3 54. Rf4 Rxg5+ 55. Kf2 Rg2+ 56. Ke3 Rxb2 57. Rh4+ Kg2 58. Bb4 Rb3+ 59.
Kf4 Rxb4  0-1

[Event "M.Chigorin Memorial 2017 "]
[Site "?????-?????????"]
[Date "2017.10.22"]
[Round "2"]
[Board "31"]
[White "Bellaiche, Anthony"]
[Black "Korennoi, Viktor"]
[Result "1/2-1/2"]
[WhiteElo "2493"]
[BlackElo "2227"]
[PlyCount "106"]
[EventDate "2017.10.21"]
[EventRounds "9"]
[EventCountry "RUS"]

1. d4 Nf6 2. c4 e6 3. Nc3 Bb4 4. e3 O-O 5. Bd3 c5 6. Nf3 d5 7. O-O dxc4 8. Bxc4
cxd4 9. exd4 b6 10. Bg5 Bb7 11. Re1 Nbd7 12. Rc1 Rc8 13. Bd3 Re8 14. Bh4 Be7
15. Qe2 Nd5 16. Nxd5 Bxh4 17. Rxc8 Qxc8 18. Nxh4 Bxd5 19. Nf5 Qa8 20. Ne3 Nf6
21. a3 Rd8 22. Qc2 Bb7 23. Qa4 Bc6 24. Qc4 Nd5 25. Bf1 Bb7 26. Qb3 Qb8 27. Qa4
Ba8 28. Nxd5 Bxd5 29. Rc1 Bb7 30. g3 g6 31. Bg2 Bxg2 32. Kxg2 Qb7+ 33. Kg1 Kg7
34. Qc4 Rd7 35. Qb4 Qe4 36. Rc8 Rxd4 37. Qf8+ Kf6 38. Rc1 h5 39. Qh8+ Kf5 40.
Rf1 f6 41. h3 Qf3 42. Qb8 Rd2 43. Qxa7 Rxb2 44. Qa4 e5 45. Qd7+ Kg5 46. h4+ Kh6
47. Qf7 g5 48. Qf8+ Kg6 49. Qg8+ Kf5 50. Qc8+ Kg6 51. hxg5 fxg5 52. Qe8+ Qf7
53. Qxe5 Qf6  1/2-1/2

[Event "M.Chigorin Memorial 2017 "]
[Site "?????-?????????"]
[Date "2017.10.22"]
[Round "2"]
[Board "32"]
[White "Marinskii, Yurii"]
[Black "Lomasov, Semen"]
[Result "1/2-1/2"]
[WhiteElo "2238"]
[BlackElo "2490"]
[PlyCount "72"]
[EventDate "2017.10.21"]
[EventRounds "9"]
[EventCountry "RUS"]

1. e4 e5 2. Nf3 Nc6 3. Bb5 a6 4. Bxc6 dxc6 5. d4 exd4 6. Qxd4 Qxd4 7. Nxd4 Bd7
8. Be3 Ne7 9. Nd2 c5 10. Ne2 Nc6 11. O-O-O O-O-O 12. Ng3 h5 13. h3 b6 14. Nf3
Re8 15. Nd2 g6 16. Rhe1 Bg7 17. Ne2 h4 18. Nf4 Nd4 19. f3 Ba4 20. b3 Bc6 21.
Nb1 Bh6 22. c3 Nf5 23. Bd2 Ng3 24. Ne2 Nxe2+ 25. Rxe2 Bg7 26. c4 f5 27. Nc3
Bxc3 28. Bxc3 Rhf8 29. e5 Re6 30. f4 a5 31. Be1 Rh8 32. a4 Re7 33. Bc3 Re6 34.
Be1 Re7 35. Bc3 Re6 36. Be1 Re7  1/2-1/2

[Event "M.Chigorin Memorial 2017 "]
[Site "?????-?????????"]
[Date "2017.10.22"]
[Round "2"]
[Board "33"]
[White "Kharchenko, Boris"]
[Black "Zimin, Alexey"]
[Result "1-0"]
[WhiteElo "2477"]
[BlackElo "2227"]
[PlyCount "61"]
[EventDate "2017.10.21"]
[EventRounds "9"]
[EventCountry "RUS"]

1. d4 d5 2. Bf4 Nf6 3. e3 c5 4. dxc5 Nc6 5. Bb5 Qa5+ 6. Nc3 a6 7. Bxc6+ bxc6 8.
Qd4 e6 9. b4 Qa3 10. Nge2 a5 11. b5 Bxc5 12. Qa4 O-O 13. b6 Nd7 14. Rb1 Bb7 15.
Bc7 Nb8 16. Qg4 Be7 17. O-O Nd7 18. Rfd1 Bf6 19. Qg3 Bxc3 20. Rb3 Qxa2 21. Rxc3
Qa4 22. Nf4 Qe4 23. Rd4 Qf5 24. Nd3 a4 25. Ra3 c5 26. Rdxa4 Rxa4 27. Rxa4 c4
28. Ne1 d4 29. exd4 Nxb6 30. Rb4 Na8 31. Be5  1-0

[Event "M.Chigorin Memorial 2017 "]
[Site "?????-?????????"]
[Date "2017.10.22"]
[Round "2"]
[Board "34"]
[White "Nasibullin, Iskander"]
[Black "Lugovskoy, Maxim"]
[Result "0-1"]
[WhiteElo "2234"]
[BlackElo "2474"]
[PlyCount "112"]
[EventDate "2017.10.21"]
[EventRounds "9"]
[EventCountry "RUS"]

1. e4 e6 2. d4 d5 3. Nd2 Nc6 4. Ngf3 Nf6 5. e5 Nd7 6. c4 Nb6 7. a3 Be7 8. c5
Nd7 9. Bb5 f6 10. exf6 Bxf6 11. Nb3 O-O 12. O-O e5 13. Bxc6 bxc6 14. Na5 e4 15.
Nd2 Ba6 16. Re1 Qe8 17. Nf1 Qg6 18. Be3 Bh4 19. Ng3 Rf7 20. b4 Raf8 21. Qd2 h6
22. Ra2 Qe6 23. Qd1 Nf6 24. h3 Nd7 25. Nf1 Nb8 26. Qh5 Qe7 27. Qg6 Rf6 28. Qg4
Re6 29. Ng3 Bxg3 30. Qxg3 Kh7 31. Kh1 Bc8 32. Bf4 Rg6 33. Qh2 Na6 34. Rb2 Rf5
35. Be5 Rh5 36. Re3 Bf5 37. a4 Rhg5 38. Bg3 Qf6 39. Be5 Qe6 40. Bg3 Qf6 41. Be5
Qf7 42. Bg3 h5 43. b5 cxb5 44. axb5 Nb8 45. Rd2 Qd7 46. Rb2 h4 47. Be5 Qf7 48.
Rd2 a6 49. Rb2 axb5 50. Rxb5 Qe8 51. Reb3 e3 52. fxe3 Be4 53. Qf4 Rxg2 54.
Qxh4+ Kg8 55. Qxe4 Rg1+ 56. Kh2 dxe4  0-1

[Event "M.Chigorin Memorial 2017 "]
[Site "?????-?????????"]
[Date "2017.10.22"]
[Round "2"]
[Board "35"]
[White "Usmanov, Vasily"]
[Black "Moksh, Amit Doshi"]
[Result "1/2-1/2"]
[WhiteElo "2463"]
[BlackElo "2222"]
[PlyCount "80"]
[EventDate "2017.10.21"]
[EventRounds "9"]
[EventCountry "RUS"]

1. Nf3 c5 2. c4 Nc6 3. Nc3 g6 4. e3 Nf6 5. d4 cxd4 6. exd4 d5 7. cxd5 Nxd5 8.
Bc4 Nb6 9. Bb3 Bg7 10. d5 Na5 11. Be3 O-O 12. O-O Bg4 13. h3 Bxf3 14. Qxf3 Nxb3
15. axb3 a6 16. Rfd1 Nc8 17. Rd2 Nd6 18. Re1 Qd7 19. Bg5 Rfe8 20. Qg4 Qxg4 21.
hxg4 Bf6 22. Bf4 g5 23. Bxd6 Bxc3 24. bxc3 exd6 25. Rde2 Rxe2 26. Rxe2 Rc8 27.
Re3 b5 28. b4 Kg7 29. Kf1 Rc4 30. f3 Kf6 31. Ke2 a5 32. bxa5 Ra4 33. Kd3 Rxa5
34. Re2 Ra3 35. Rb2 Ra5 36. Re2 Ra3 37. Rb2 Ra5 38. Re2 Ra3 39. Rb2 Ra5 40. Re2
Ra3  1/2-1/2

[Event "M.Chigorin Memorial 2017 "]
[Site "?????-?????????"]
[Date "2017.10.22"]
[Round "2"]
[Board "36"]
[White "Pogorelskikh, Sergey"]
[Black "Zakhartsov, Vladimir"]
[Result "0-1"]
[WhiteElo "2225"]
[BlackElo "2461"]
[PlyCount "90"]
[EventDate "2017.10.21"]
[EventRounds "9"]
[EventCountry "RUS"]

1. e4 c5 2. Nf3 d6 3. d4 Nf6 4. Nc3 cxd4 5. Nxd4 g6 6. Be3 Bg7 7. f3 a6 8. Qd2
Nbd7 9. O-O-O b5 10. Nd5 Nxd5 11. exd5 Bb7 12. Nc6 Bxc6 13. dxc6 Nf6 14. g4 Rc8
15. g5 Nh5 16. Qd5 e6 17. Qxd6 Qxd6 18. Rxd6 Be5 19. Rd2 O-O 20. Bd3 Rxc6 21.
Be4 Rc7 22. Rhd1 f5 23. gxf6 Nxf6 24. Bh6 Nxe4 25. fxe4 Rfc8 26. Rf1 Rc4 27.
Rdf2 Bg7 28. Bxg7 Kxg7 29. Re1 R8c5 30. Re3 Rg5 31. c3 Rg4 32. Rfe2 Kf6 33. b3
Rc5 34. e5+ Kf5 35. Kc2 h5 36. Kd3 g5 37. h3 Rf4 38. Rg2 Rd5+ 39. Kc2 g4 40.
hxg4+ hxg4 41. Rge2 Rf3 42. Re4 g3 43. c4 bxc4 44. bxc4 Ra5 45. Kd1 g2  0-1

[Event "M.Chigorin Memorial 2017 "]
[Site "?????-?????????"]
[Date "2017.10.22"]
[Round "2"]
[Board "37"]
[White "Kobo, Ori"]
[Black "Eynullayev, Altay"]
[Result "1-0"]
[WhiteElo "2460"]
[BlackElo "2220"]
[PlyCount "111"]
[EventDate "2017.10.21"]
[EventRounds "9"]
[EventCountry "RUS"]

1. Nf3 Nf6 2. c4 c5 3. d4 cxd4 4. Nxd4 e6 5. Nc3 Bb4 6. g3 Ne4 7. Bd2 Nxd2 8.
Qxd2 Nc6 9. Bg2 Ne5 10. Nf3 Nxf3+ 11. Bxf3 Qc7 12. a3 Be7 13. Rc1 a6 14. c5 O-O
15. Na4 Rd8 16. O-O Rb8 17. Rfd1 Qe5 18. Qd4 Qxd4 19. Rxd4 b5 20. cxb6 d5 21.
b4 Bd7 22. Nc5 Rxb6 23. Nxd7 Rxd7 24. e4 g6 25. exd5 exd5 26. Rxd5 Rxd5 27.
Bxd5 a5 28. bxa5 Ra6 29. a4 Rxa5 30. Rc8+ Kg7 31. Bb3 Rc5 32. Rb8 Rc1+ 33. Kg2
Rb1 34. Rb7 Kf8 35. h3 f5 36. Bd5 Rxb7 37. Bxb7 Kf7 38. a5 Bc5 39. f4 h6 40.
Bc8 Ke7 41. Kf3 Kd8 42. Be6 Ke7 43. Bb3 Bd4 44. Ke2 Kd6 45. h4 Bf6 46. Kd3 Kc5
47. Ba4 Bd8 48. a6 Kb6 49. Bb5 g5 50. fxg5 hxg5 51. h5 Bc7 52. h6 Bxg3 53. Kd4
Bf2+ 54. Ke5 Be1 55. Kxf5 Bd2 56. h7  1-0

[Event "M.Chigorin Memorial 2017 "]
[Site "?????-?????????"]
[Date "2017.10.22"]
[Round "2"]
[Board "38"]
[White "Travkina, Anastasia"]
[Black "Solozhenkin, Evgeniy"]
[Result "1/2-1/2"]
[WhiteElo "2221"]
[BlackElo "2459"]
[PlyCount "51"]
[EventDate "2017.10.21"]
[EventRounds "9"]
[EventCountry "RUS"]

1. e4 e5 2. Nf3 Nc6 3. Bb5 a6 4. Ba4 Nf6 5. O-O Be7 6. Re1 b5 7. Bb3 d6 8. c3
O-O 9. h3 Na5 10. Bc2 c5 11. d4 Nd7 12. Nbd2 exd4 13. cxd4 Nc6 14. d5 Nce5 15.
Nxe5 Nxe5 16. f4 Ng6 17. Nf3 Bh4 18. Nxh4 Qxh4 19. Rf1 Bxh3 20. gxh3 Qg3+ 21.
Kh1 Qxh3+ 22. Kg1 Qg3+ 23. Kh1 Qh3+ 24. Kg1 Qg3+ 25. Kh1 Qh3+ 26. Kg1  1/2-1/2

[Event "M.Chigorin Memorial 2017 "]
[Site "?????-?????????"]
[Date "2017.10.22"]
[Round "2"]
[Board "39"]
[White "Kezin, Roman"]
[Black "Anchutin, Nikita"]
[Result "1-0"]
[WhiteElo "2455"]
[BlackElo "2219"]
[PlyCount "103"]
[EventDate "2017.10.21"]
[EventRounds "9"]
[EventCountry "RUS"]

1. d4 Nf6 2. c4 e6 3. g3 Bb4+ 4. Nd2 c5 5. a3 Bxd2+ 6. Qxd2 cxd4 7. Nf3 b6 8.
Bg2 Bb7 9. O-O Bxf3 10. exf3 Nc6 11. f4 Rc8 12. b4 O-O 13. Bb2 d6 14. Bxd4 Nxd4
15. Qxd4 Qe7 16. Rfe1 Rc7 17. Rad1 Rfc8 18. Bf1 Rd8 19. f5 g6 20. fxe6 fxe6 21.
Bh3 e5 22. Rxe5 Qxe5 23. Qxe5 dxe5 24. Rxd8+ Kf7 25. Bf1 Ke7 26. Rd1 Ne8 27.
Rd5 Ke6 28. Bh3+ Kf6 29. c5 bxc5 30. bxc5 e4 31. Bg2 Ng7 32. Bxe4 Ne6 33. Rd6
Ke5 34. Bc6 g5 35. h3 h6 36. Kg2 a5 37. Kg1 Nd4 38. Rd5+ Ke4 39. Ba8 Kd3 40. c6
Kc4 41. Rxa5 Nxc6 42. Bxc6 Rxc6 43. Re5 Kd3 44. Kg2 Rf6 45. Re3+ Kd2 46. a4 Ra6
47. Re4 Kd3 48. Rb4 Ke2 49. h4 Rf6 50. Rb2+ Ke1 51. hxg5 hxg5 52. Kh3  1-0

[Event "M.Chigorin Memorial 2017 "]
[Site "?????-?????????"]
[Date "2017.10.22"]
[Round "2"]
[Board "40"]
[White "Protopopova, Anastasiya"]
[Black "Li, Yankai"]
[Result "0-1"]
[WhiteElo "2219"]
[BlackElo "2455"]
[PlyCount "76"]
[EventDate "2017.10.21"]
[EventRounds "9"]
[EventCountry "RUS"]

1. d4 Nf6 2. c4 e6 3. g3 d5 4. Nf3 Bb4+ 5. Nbd2 O-O 6. Bg2 b6 7. O-O Bb7 8. Ne5
Be7 9. cxd5 Bxd5 10. e4 Bb7 11. Qc2 c5 12. dxc5 Qc7 13. Nd3 Nbd7 14. b4 Rac8
15. Ba3 bxc5 16. bxc5 Ba6 17. Rfc1 Qa5 18. Qc3 Qxc3 19. Rxc3 Bxd3 20. Rxd3 Bxc5
21. Bb2 Rfd8 22. Nb3 Ng4 23. Nxc5 Nxc5 24. Rxd8+ Rxd8 25. Ba3 Nd3 26. f4 Ne3
27. Rb1 h6 28. Bf1 a5 29. Rb3 Nxf1 30. Kxf1 Nc1 31. Bxc1 Rd1+ 32. Kg2 Rxc1 33.
Ra3 Rc5 34. e5 g5 35. Kf3 Kg7 36. Ra4 Kg6 37. a3 h5 38. fxg5 Kxg5  0-1

[Event "M.Chigorin Memorial 2017 "]
[Site "?????-?????????"]
[Date "2017.10.22"]
[Round "2"]
[Board "41"]
[White "Tsvetkov, Andrey"]
[Black "Oganian, Miran"]
[Result "1-0"]
[WhiteElo "2218"]
[BlackElo "2454"]
[PlyCount "41"]
[EventDate "2017.10.21"]
[EventRounds "9"]
[EventCountry "RUS"]

1. d4 Nf6 2. c4 e6 3. Nc3 Bb4 4. e3 O-O 5. Nge2 c6 6. g3 d5 7. Qb3 Qe7 8. Bg2
b6 9. a3 Bd6 10. O-O Ba6 11. cxd5 exd5 12. Qa4 Bb7 13. Bd2 Nbd7 14. Rad1 Rfe8
15. Rfe1 h5 16. Nf4 g5 17. e4 gxf4 18. exd5 Qd8 19. dxc6 Rxe1+ 20. Rxe1 Bxc6
21. Qxc6  1-0